Serpientes venenosas de la isla Barro Colorado y áreas aledañas / (Registro nro. 2410)

Detalles MARC
000 -CABECERA
Campo de control 00842nam a2200229 a 4500
005 - FECHA Y HORA DE LA ULTIMA TRANSACCION
Campo de control 20191224041635.0
008 - ELEMENTOS DE LONGITUD FIJA—INFORMACION GENERAL
Campo de control 140305s1995 pn a gr|||| 000 0 spa d
040 ## - FUENTE DE CATALOGACIÓN
Agencia catalogadora original CO-BoIAVH
Agencia transcriptora CO-BoIAVH
041 0# - IDIOMA
Código de idioma para texto/pista de sonido o título separado Español
044 ## - PAÍS DE PUBLICACIÓN
País de publicación Panamá
082 ## - NUMERO DE CLASIFICACION DECIMAL DEWEY
Número de clasificación 597.96165
Número del ítem J37s
100 1# - ASIENTO PRINCIPAL--NOMBRE PERSONAL
Nombre personal Jaramillo, Cesar
9 (RLIN) 52728
245 10 - MENCION DE TITULO
Título Serpientes venenosas de la isla Barro Colorado y áreas aledañas /
Mención de responsabilidad Instituto Smithsonian de Investigaciones Tropicales
260 ## - PUBLICACION, DISTRIBUCION, ETC. (PIE DE IMPRENTA)
Lugar de publicación, distribución, etc. Panamá :
Nombre del editor, distribuidor, etc. Instituto Smithsonian de Investigaciones Tropicales,
Fecha de publicación, distribución, etc. 1995.
300 ## - DESCRIPCION FISICA
Extensión 6 páginas :
Otros detalles físicos Ilustraciones ;
Dimensiones 23 x 22 cm.
650 #6 - ASIENTO SECUNDARIO DE MATERIA - TERMINO TEMATICO
Término temático o nombre geográfico como elemento de entrada Serpientes
9 (RLIN) 52729
650 #6 - ASIENTO SECUNDARIO DE MATERIA - TERMINO TEMATICO
Término temático o nombre geográfico como elemento de entrada Serpientes venenosas
9 (RLIN) 15819
662 ## - ASIENTO SECUNDARIO DE MATERIA - JERARQUIA DEL NOMBRE DE LUGAR(
País o entidad mayor Panamá
Jurisdicción política intermedia Isla Barro Colorado
700 1# - ASIENTO SECUNDARIO - NOMBRE PERSONAL
Nombre personal Rand, A. Stanley
9 (RLIN) 15820
710 2# - ASIENTO SECUNDARIO - NOMBRE CORPORATIVO
Nombre corporativo o de jurisdicción como elemento de entrada Panamá
Unidad subordinada Instituto Smithsonian de Investigaciones Tropicales
9 (RLIN) 52731
942 ## - ELEMENTOS ADICIONALES (KOHA)
Tipo de ítem Libro
Sistema de clasificación Dewey Decimal Classification
Existencias
Withdrawn status Lost status Sistema de Clasificación Damaged status No para préstamo Colección Inventariado Ubicación Permanente Ubicación actual Fecha de adquisición Fuente de Valor Valor Total Checkouts Número topográfico Inventario / Código de Barras Date last seen Ejemplar Price effective from Forma de adquisición Tipo de material
    Dewey Decimal Classification     General Inventariado 2017 Bogotá Bogotá 27/07/2001 Instituto 39000.00   LB-597.96165 J37s 002981 04/12/2012 Ej. 1 04/12/2012   Libro